|
|
|
|
| LEADER |
00000naa2a2200000 4500 |
| 001 |
135292 |
| 005 |
20231031140020.0 |
| 035 |
|
|
|a (RuTPU)RU\TPU\book\146628
|
| 090 |
|
|
|a 135292
|
| 100 |
|
|
|a 20080409d2007 k y0rusy50 ca
|
| 101 |
0 |
|
|a rus
|
| 102 |
|
|
|a RU
|
| 200 |
1 |
|
|a Исследование структурной наследственности при спекании порошков TIC-NITI пропусканием электрического тока
|f П. В. Бурков, А. В. Головинова
|
| 320 |
|
|
|a Библиогр.: 8 назв.
|
| 463 |
|
0 |
|0 (RuTPU)RU\TPU\book\136479
|t Инновационные технологии и экономика в машиностроении
|o V Всероссийская научно-практическая конференция с международным участием, г. Юрга 14-15 сентября 2007 г.
|o труды
|f Томский политехнический университет (ТПУ) ; Юргинский технологический институт (филиал) ; под ред. Д. А. Чинахова
|v С. 185-188
|d 2007
|p 558 с.
|
| 610 |
1 |
|
|a порошки
|
| 610 |
1 |
|
|a спекание
|
| 610 |
1 |
|
|a структурная наследственность
|
| 610 |
1 |
|
|a электрический ток
|
| 610 |
1 |
|
|a качество
|
| 610 |
1 |
|
|a метод спекания
|
| 610 |
1 |
|
|a микроэлектросварка
|
| 610 |
1 |
|
|a труды учёных ТПУ
|
| 700 |
|
1 |
|a Бурков
|b П. В.
|
| 701 |
|
1 |
|a Головинова
|b А. В.
|
| 801 |
|
1 |
|a RU
|b 63413507
|c 20080409
|g PSBO
|
| 942 |
|
|
|c BK
|